000 00610nam a2200181Ia 4500
008 151202s9999||||xx |||||||||||||| ||und||
082 _bPNVM-14723
100 _aटोळे मा. ग.
245 _aमर्यादित सापेक्षवाद.
260 _b"मा.भ. टोळे, सोलापूर."
260 _c0
300 _a133
600 _aटोळे मा. ग.
630 _aमर्यादित सापेक्षवाद.
700 _aटोळे मा. ग.
730 _aमर्यादित सापेक्षवाद.
942 _cBOOK
999 _c1280708
_d1280705